Audítorská dokumentácia auditu založeného na rizikách

Dôležitosť audítorskej dokumentácie pri vykonávaní auditu. Problematika rizika auditu, audítorského prístupu založeného na rizikách a jeho dokumentácie.

Na minha lista:
Detalhes bibliográficos
Autor principal: Maděra, František
Outros Autores: Tkáčová, Lenka
Formato: Capítulo de Livro
Idioma:eslovaco
Assuntos:
Tags: Adicionar Tag
Sem tags, seja o primeiro a adicionar uma tag!

MARC

LEADER 00000naa a2200000 4500
001 0165490
005 20240502072902.2
041 0 |a slo 
044 |a SK 
245 1 0 |a Audítorská dokumentácia auditu založeného na rizikách  |c František Maděra, Lenka Tkáčová 
520 |a Dôležitosť audítorskej dokumentácie pri vykonávaní auditu. Problematika rizika auditu, audítorského prístupu založeného na rizikách a jeho dokumentácie. 
610 2 0 |a audit 
610 2 0 |a riziko 
610 2 0 |a dokumentácia účtovná 
610 2 0 |a audítorstvo 
610 2 0 |a audítori 
100 1 |a Maděra, František 
700 1 |a Tkáčová, Lenka